| 000 | 00618nam a2200229Ia 4500 | ||
|---|---|---|---|
| 005 | 20241129120153.0 | ||
| 008 | 241129s9999||||xx |||||||||||||| ||und|| | ||
| 020 | _a9789358520293 | ||
| 037 | _aTB | ||
| 040 |
_aSDCL _beng _cSDCL |
||
| 041 |
_aeng _2eng |
||
| 084 |
_aV275'M, R4 _qSDCL |
||
| 100 |
_aSinha Kaliprasanna _9729327 |
||
| 245 | 0 | _aObservant owl: Hutom's vignettes of nineteenth-century Calcutta | |
| 250 | _a2nd | ||
| 260 |
_aDelhi _bPrimus Books _c2024 |
||
| 300 | _axliv,294p. | ||
| 365 |
_aINR _b1095 |
||
| 650 | _aHistory | ||
| 942 |
_cTB _hV275'M, R4 |
||
| 999 |
_c1233645 _d1233645 |
||